00445nam a22001337a 4500003000500000082001000005100002300015245006100038264003800099300003100137650005500168700003100223856005700254NUST a629.8 aAbdullah ,Muhammad aHuman Reliability Analysis using AI /cMuhammad Abdullah aIslamabad: bSMME- NUST. c2024.  a87p. ;bSoft Copy, c30cm. aMS Robotics and Intelligent Machine Engineering  aSupervisor: Dr. Yasar Ayaz uhttp://10.250.8.41:8080/xmlui/handle/123456789/47963